00820 2200253 4500001002100000005001500021035002000036007000300056008004100059020002200100082001000122084001600132100001900148245017200167250001700339260005900356300003800415650003200453650001400485650001600499700002200515505001200537990001700549INLIS00000000001000220260513094724 a0010-0526000033ta260513 g 0 ind  a978-979-503-603-6 a651.3 a651.3 JOH s0 aJohny Setyawan1 aSitem Manajemen Rumah Sakit :bSistem Perencanaan dan Pengendalian Manajemen dengan Dukungan Sistem Informasi Keuangan RS Menggunakan Microsoft Excel /cJohny Setyawan a1, Cet. Ke-1 aYogyakarta :bFakultas Ekonomika dan Bisnis UGM,c2016 axvi, 254 hlm :bilus. ;c17x24 cm 4aSitem Manajemen Rumah Sakit 4aManajemen 4aRumah Sakit0 aDebra F. Setyawan ahlm.254 a202500223300